000 01329nam a2200313 a 4500
001 BRCA_8606
005 20190320210337.0
008 070916s1784----fr-a######---#000-0#fre-#
041 _afre
044 _afr
050 4 _aBX2010
_b.B45
_c1748
100 1 _aBellegarde, Monsieur L´abbé de
_921513
245 1 0 _aL´office de la semaine-sainte a l´usage de la maison du roy
_bconformément aux breviaire & messels romain & parisien
_cMonsieur L´abbé de Bellegarde.
260 _aParís
_bJacques-francois collombat
_c1748
300 _a672 p.
_bil.
_c22 cm
500 _aFondo antiguo
500 _aSe encuentra en Caja Fuerte
500 _aCOE-108
500 _aPortada arquitectonica y grabado en las primeras páginas
500 _aContiene prefacio
500 _aTexto impreso a dos columnas
500 _aNota de encuadernación: piel con dorados, edición de cantos dorados
505 0 _aContiene: Avec l´explication des cerémonies de l´eglise, et des instructions, prieres & courtes reflexions ser les mystéres & offices que i´on celebre dans cette sainte semaine
506 0 _aFondo reservado: para su consulta es necesario credencial de usuario y carta de motivos
546 _aTexto en latín y francés
650 1 4 _aCuaresma
_eSemana Santa
_xLiturgia
_921514
902 _aLAR
942 _2lcc
_cB
999 _c8269
_d8269